Entry Nombre personal
001 - NÚMERO DE CONTROL
- campo de control: 73744
003 - IDENTIFICADOR DE NÚMERO DE CONTROL
- campo de control: SpMaBN
005 - FECHA Y HORA DE LA ÚLTIMA TRANSACCIÓN
- campo de control: 20250811144503.0
008 - ELEMENTOS DE DATO DE LONGITUD-FIJA
- campo de control de longitud fija: 871203nn azznnaabn a aaa
016 ## - NÚMERO DE CONTROL DE UNA AGENCIA BIBLIOGRÁFICA NACIONAL
- Número de control del registro: BNE19940800592
024 7# - IDENTIFICADOR DE OTROS ESTÁNDARES
- Número estándar o código: http://viaf.org/viaf/95298959/
- Fuente: viaf
024 8# - IDENTIFICADOR DE OTROS ESTÁNDARES
- Número estándar o código: https://data.cervantesvirtual.com/person/20422
024 7# - IDENTIFICADOR DE OTROS ESTÁNDARES
- Número estándar o código: https://isni.org/isni/0000000080236208
- Fuente: isni
024 7# - IDENTIFICADOR DE OTROS ESTÁNDARES
- Número estándar o código: http://www.wikidata.org/entity/Q97941475
- Fuente: wikidata
040 ## - FUENTE DE CATALOGACIÓN
- Centro catalogador/agencia de origen: SpMaBN
- Lengua de catalogación: spa
- Centro/agencia transcriptor: SpMaBN
- Normas de descripción: rdc
- Convención/Normas de encabezamiento de materia/tesauro: embne
046 ## - FECHAS CON CODIFICACIÓN ESPECIAL
- Fecha de nacimiento: 1562
- Fecha de la muerte: 1649
100 1# - ENCABEZAMIENTO-NOMBRE DE PERSONA
- Nombre de persona: López Madera, Gregorio,
- Fechas asociadas al nombre: 1562-1649
370 ## - LUGAR ASOCIADO
- Lugar de nacimiento: Madrid, España
- Fuente del término: embne
370 ## - LUGAR ASOCIADO
- Lugar de fallecimiento: Madrid, España
- Fuente del término: embne
373 ## - GRUPO ASOCIADO
- Grupo asociado: Casa de Contratación (España)
- Grupo asociado: España. Chancillería de Granada
- Fuente del término: abne
- Grupo asociado: Consejo Real de Castilla
374 ## - OCUPACIÓN
- Ocupación: Jurista
- Fuente del término: embnes
375 ## - GÉNERO/SEXO
- Género: Masculino
377 ## - IDIOMA ASOCIADO
- Código del idioma: spa
- Término de lengua/lenguaje: Español
670 ## - FUENTE DE DATOS ENCONTRADOS
- Cita de la fuente: Discursos de la certidumbre de las reliquias descubiertas en Granada desde el ano [sic] de 1588 hasta el de 1598
- Información encontrada: port. (Gregorio López Madera)
670 ## - FUENTE DE DATOS ENCONTRADOS
- Cita de la fuente: El poder del monarca en la obra de los juristas castellanos, 2014
- Información encontrada: p. 155, etc. (Gregorio López Madera; jurista madrileño, desempeñó diversos cargos oficiales en la Casa de Contratación de Sevilla, Audiencia y Chancillería de Granada o Consejo de Castilla)
670 ## - FUENTE DE DATOS ENCONTRADOS
- Cita de la fuente: García Ballesteros, E. Gregorio López Madera (1562-1649): un jurista al servicio de la Corona. En: Torre de los Lujanes, nº 37 (1998)
- Información encontrada: p. 163-178 (n. 10-5-1562, Madrid, 12 años de lo que tradicionalmente pensaban sus biógrafos; m. 22-3-1649, Madrid)
